000 00740cam a22002533a 4500
001 19742
003 PGUSA
005 20140828083422.0
008 061109s2006||||xxu|||||s|||||000 1 eng d
040 _aPGUSA
_beng
042 _adc
050 4 _aPR
100 1 _aWilliamson, C. N.
_q(Charles Norris),
_d1859-1920
245 1 4 _aThe Heather-Moon
_h[electronic resource] /
_cC. N. Williamson
260 _bProject Gutenberg,
_c2006
506 _aPublic domain in the USA.
516 _aElectronic text
653 _aYoung women -- Fiction
653 _aGreat Britain -- Fiction
653 _aMan-woman relationships -- Fiction
830 0 _aProject Gutenberg
_v19742
856 4 0 _uhttp://www.gutenberg.org/ebooks/19742
942 _cEB
999 _c248997
_d248997